Tragedy of King Richard II (Record no. 2636)

MARC details
000 -LEADER
fixed length control field 00410nam a2200145Ia 4500
008 - FIXED-LENGTH DATA ELEMENTS--GENERAL INFORMATION
fixed length control field 211109s9999||||xx |||||||||||||| ||und||
082 ## - DEWEY DECIMAL CLASSIFICATION NUMBER
Classification number 822.33
Item number SHA-T
100 ## - MAIN ENTRY--PERSONAL NAME
Personal name Shakespeare, William
245 #0 - TITLE STATEMENT
Title Tragedy of King Richard II
260 ## - PUBLICATION, DISTRIBUTION, ETC.
Name of publisher, distributor, etc. Edward Arnold
Place of publication, distribution, etc. London
Date of publication, distribution, etc. 1950
300 ## - PHYSICAL DESCRIPTION
Extent 148p.
630 ## - SUBJECT ADDED ENTRY--UNIFORM TITLE
General subdivision General Stack
650 ## - SUBJECT ADDED ENTRY--TOPICAL TERM
Topical term or geographic name entry element English & Old English literatures
942 ## - ADDED ENTRY ELEMENTS (KOHA)
Koha item type BOOK
650 ## - SUBJECT ADDED ENTRY--TOPICAL TERM
Form subdivision English Drama
General subdivision Literature
Holdings
Withdrawn status Lost status Damaged status Not for loan Home library Current library Date acquired Cost, normal purchase price Total Checkouts Full call number Barcode Shelving location Date last seen Price effective from Koha item type
        SB LIBRARY SB LIBRARY 09/11/2021 100.00   822.33 SHA-T 00002860 GENERAL STACK 09/11/2021 09/11/2021 BOOK

Powered by Koha